<?xml version="1.0" encoding="UTF-8"?>
<record
    xmlns:xsi="http://www.w3.org/2001/XMLSchema-instance"
    xsi:schemaLocation="http://www.loc.gov/MARC21/slim http://www.loc.gov/standards/marcxml/schema/MARC21slim.xsd"
    xmlns="http://www.loc.gov/MARC21/slim">

  <leader>01429cam a22002177a 4500</leader>
  <datafield tag="020" ind1=" " ind2=" ">
    <subfield code="a">9789251057179</subfield>
  </datafield>
  <datafield tag="020" ind1=" " ind2=" ">
    <subfield code="a">9251057176</subfield>
  </datafield>
  <datafield tag="040" ind1=" " ind2=" ">
    <subfield code="c">VPI</subfield>
  </datafield>
  <datafield tag="082" ind1=" " ind2=" ">
    <subfield code="a">338 FOO 2007 A016 Or.</subfield>
  </datafield>
  <datafield tag="245" ind1="0" ind2="0">
    <subfield code="a">Marker-assisted selection :</subfield>
    <subfield code="b">current status and future perspectives in crops, livestock, forestry and fish /</subfield>
  </datafield>
  <datafield tag="260" ind1=" " ind2=" ">
    <subfield code="a">Rome :</subfield>
    <subfield code="b">Food and Agriculture Organization of the United Nations,</subfield>
    <subfield code="c">2007.</subfield>
  </datafield>
  <datafield tag="300" ind1=" " ind2=" ">
    <subfield code="a">xix, 471 p. :</subfield>
    <subfield code="b">ill. (some col.) ;</subfield>
    <subfield code="c">25 cm.</subfield>
  </datafield>
  <datafield tag="520" ind1=" " ind2=" ">
    <subfield code="a">This book provides a comprehensive description and assessment of the use of marker-assisted selection for increasing the rate of genetic gain in crops, livestock, forestry and farmed fish, including the related policy, organizational and resource considerations. It continues FAO's tradition of dealing with issues of importance to agricultural and economic development in a multidisciplinary and cross-sectoral manner. As such it is hoped that the information and options presented and the suggestions made will provide valuable guidance to scientists and breeders in both the public and private sectors, as well as to government and institutional policy and decision-makers.</subfield>
  </datafield>
  <datafield tag="650" ind1=" " ind2="0">
    <subfield code="a">Genetic markers</subfield>
  </datafield>
  <datafield tag="650" ind1=" " ind2="0">
    <subfield code="a">Genetic markers</subfield>
  </datafield>
  <datafield tag="650" ind1=" " ind2="0">
    <subfield code="a">Genetic engineering</subfield>
  </datafield>
  <datafield tag="700" ind1="1" ind2=" ">
    <subfield code="a">Guimar&#xE3;es, Elcio P.</subfield>
  </datafield>
  <datafield tag="710" ind1="2" ind2=" ">
    <subfield code="a">Food and Agriculture Organization of the United Nations.</subfield>
  </datafield>
  <datafield tag="856" ind1="4" ind2="1">
    <subfield code="u">http://www.fao.org/docrep/010/a1120e/a1120e00.htm</subfield>
  </datafield>
  <datafield tag="942" ind1=" " ind2=" ">
    <subfield code="c">EK</subfield>
  </datafield>
  <datafield tag="999" ind1=" " ind2=" ">
    <subfield code="c">11428</subfield>
    <subfield code="d">11428</subfield>
  </datafield>
  <datafield tag="952" ind1=" " ind2=" ">
    <subfield code="0">0</subfield>
    <subfield code="1">0</subfield>
    <subfield code="4">0</subfield>
    <subfield code="6">338_000000000000000_FOO_2007_A016_OR</subfield>
    <subfield code="7">0</subfield>
    <subfield code="9">59192</subfield>
    <subfield code="a">LBA</subfield>
    <subfield code="b">LBA</subfield>
    <subfield code="c">A016</subfield>
    <subfield code="d">2017-08-02</subfield>
    <subfield code="o">338 FOO 2007 A016 Or.</subfield>
    <subfield code="p">RUA060108</subfield>
    <subfield code="r">2017-08-02</subfield>
    <subfield code="w">2017-08-02</subfield>
    <subfield code="y">EK</subfield>
  </datafield>
</record>
